| 000 | 00000cam 2200000zi 4500 |
| 001 | 9.957952 |
| 003 | CaOODSP |
| 005 | 20260605132656 |
| 006 | m o d f |
| 007 | cr bn||||||||| |
| 008 | 251203t20252025onc o f000 0 eng d |
| 020 | |a9780660975610 |
| 040 | |aCaOODSP|beng|erda|cCaOODSP |
| 043 | |an-cn--- |
| 086 | 1 |aBT42-611/2026E-PDF |
| 245 | 00|aAgreement between the Treasury Board and the Federal Government Dockyard Trades and Labour Council (east) : |b(all employees). |
| 264 | 1|aOttawa ON : |bTreasury Board of Canada Secretariat = Secrétariat du Conseil du trésor du Canada, |c2025. |
| 264 | 4|c©2025 |
| 300 | |a1 online resource (101 pages) |
| 336 | |atext|btxt|2rdacontent |
| 337 | |acomputer|bc|2rdamedia |
| 338 | |aonline resource|bcr|2rdacarrier |
| 500 | |aIssued also in French under title: Convention entre le Conseil du Trésor et le Conseil des métiers et du travail du chantier maritime du gouvernement fédéral (est) : (tous les employés). |
| 500 | |aCover title. |
| 500 | |aAt head of title: Ship Repair (East) (SRE). |
| 500 | |a"Code 611." |
| 500 | |a"Expiry date : December 31, 2026." |
| 500 | |a"Published: 2025-11-24." |
| 650 | 0|aCollective labor agreements|xGovernment employees|zCanada. |
| 710 | 1 |aCanada. |bTreasury Board, |eissuing body. |
| 775 | 08|tConvention entre le Conseil du Trésor et le Conseil des métiers et du travail du chantier maritime du gouvernement fédéral (est) : |w(CaOODSP)9.957953 |
| 795 | |tAgreement between the Treasury Board and the Federal Government Dockyard Trades and Labour Council (east) : |b2019|w(CaOODSP)9.881485 |
| 856 | 40|qPDF|s1.25 MB|uhttps://publications.gc.ca/collections/collection_2026/sct-tbs/BT42-611-2026-eng.pdf |
| 856 | 4 |qHTML|sN/A|uhttps://www.canada.ca/en/treasury-board-secretariat/topics/pay/collective-agreements/sre.html |